Online
Catalog

Dios llega al hombre : (Record no. 14932)

MARC details
000 -CABECERA
campo de control de longitud fija 00710cam a2200217 a 4500
001 - NÚMERO DE CONTROL
campo de control 000015370
005 - FECHA Y HORA DE LA ÚLTIMA TRANSACCIÓN
campo de control 20200929164023.0
008 - DATOS DE LONGITUD FIJA--INFORMACIÓN GENERAL
campo de control de longitud fija 830127m19701966sp a 000 0 spa
035 ## - NÚMERO DE CONTROL DEL SISTEMA
Número de control de sistema (DLC) 83110628
040 ## - FUENTE DE LA CATALOGACIÓN
Centro catalogador/agencia de origen DO-SdBNP
Lengua de catalogación spa
Centro/agencia transcriptor BNPHU
Centro/agencia modificador DLC
082 ## - NÚMERO DE LA CLASIFICACIÓN DECIMAL DEWEY
Número de clasificación 225
Número de documento/Ítem D594ll
049 ## - FONDOS LOCALES (OCLC)
Fondos de biblioteca BNGR
245 00 - MENCIÓN DE TÍTULO
Título Dios llega al hombre :
Resto del título el Nuevo Testamento de Nuestro Señor Jesucristo.
250 ## - MENCIÓN DE EDICIÓN
Mención de edición 2a ed.
260 ## - PUBLICACIÓN, DISTRIBUCIÓN, ETC.
Lugar de publicación, distribución, etc. Asunción :
Nombre del editor, distribuidor, etc. Sociedades Bíblicas en América Latina,
Fecha de publicación, distribución, etc. c1970.
300 ## - DESCRIPCIÓN FÍSICA
Extensión iv, 581 p. :
Otras características físicas il. ;
Dimensiones 18 cm.
490 1# - MENCIÓN DE SERIE
Mención de serie La palabra de Dios, para una nueva era
650 #4 - PUNTO DE ACCESO ADICIONAL DE MATERIA--TÉRMINO DE MATERIA
Término de materia o nombre geográfico como elemento de entrada Biblia.
Subdivisión general N.t.
9 (RLIN) 34737
830 #0 - PUNTO DE ACCESO ADICIONAL DE SERIE-TÍTULO UNIFORME
Título uniforme La palabra de Dios, para una nueva era.
9 (RLIN) 34600
910 ## - DATOS DE OPCIÓN DEL USUARIO (OCLC)
Datos de opción del usuario Catalogación derivada
Holdings
Estado de retiro Estado de pérdida Restricciones de uso No para préstamo Código de colección Localización permanente Ubicación/localización actual Ubicación en estantería Fecha de adquisición Número de inventario Total de préstamos Signatura topográfica completa Código de barras Fecha visto por última vez Precio válido a partir de Tipo de ítem Koha Número de copia
    Préstamo interno   Monografías: Libros y Folletos General General En catalogación 05.02.2010 LF1   225 D594ll 15370-10 25.06.2020 25.06.2020 Préstamo interno  
    Préstamo interno Préstamo restrigido Monografías: Libros y Folletos General General En catalogación 05.02.2010 LF1   225 D594ll 15370-20 25.06.2020 25.06.2020 Préstamo interno e.2
        Monografías: Libros y Folletos General General En catalogación 05.02.2010 LF1   225 D594ll 15370-30 25.06.2020 25.06.2020 Préstamo en sala e.3

Powered by Koha